000 00568nam a2200193Ia 4500
003 IN-BaIIA
008 211028s9999 xx 000 0 eng d
020 _a306-30425-2
040 _cIIA Library
080 _a533
_bTSY
100 _aTsytovich, Vadim N
_914051
245 0 _aNonlinear effects in plasma
_cVadim N Tsytovich
260 _aNew York
_bPlenum Press
_c1970
300 _axviii, 332p.
650 _aAstronomy and astrophysics thesaurus
650 _aPlasma physics
_93732
650 _aPlasmas
_91898
942 _cBK
999 _c8379
_d8379